Capitals of Asia Quiz Stats

 Plays Quiz Updated Jul 10, 2019

Score 0/49 Timer 10:00
137 Plays Today
% Correct
Tokyo,
Japan
93.8%
Moscow,
Russia
93.6%
Beijing, People's Republic of China
92.8%
Seoul,
South Korea
92.1%
New Delhi,
India
91.1%
Jerusalem,
Israel
90.8%
Singapore, Singapore
90.3%
Ankara,
Turkey
90.1%
Bangkok, Thailand
89.2%
Baghdad,
Iraq
88.9%
Tehran, Iran
86.5%
Manila, Philippines
85.9%
Jakarta, Indonesia
85.7%
Pyongyang, North Korea
85.6%
Kabul, Afghanistan
85.1%
Kuwait City, Kuwait
85%
Taipei,
Taiwan
85%
Islamabad, Pakistan
84.1%
Hanoi, Vietnam
83.9%
Damascus, Syria
82.8%
Abu Dhabi,
UAE
80.4%
Beirut, Lebanon
79.5%
Kuala Lumpur,
Malaysia
78.7%
Kathmandu, Nepal
77.9%
Riyadh, Saudi Arabia
77.2%
% Correct
Amman,
Jordan
75.1%
Ulaanbaatar, Mongolia
74.3%
Male,
Maldives
74.3%
Doha,
Qatar
71.2%
Dhaka,
Bangladesh
70.6%
Muscat,
Oman
70.5%
San‘a’, Yemen
70.3%
Tbilisi,
Georgia
70.1%
Baku,
Azerbaijan
69.8%
Phnom Penh, Cambodia
69.3%
Nur-Sultan, Kazakhstan
67.8%
Dili, Timor-Leste
67.6%
Sri Jayawardenepura Kotte, Sri Lanka
66.6%
Ramallah,
Palestine
65.3%
Yerevan,
Armenia
63.5%
Vientiane, Laos
62.6%
Tashkent, Uzbekistan
61.6%
Manama, Bahrain
60.1%
Bishkek, Kyrgyzstan
59%
Thimphu, Bhutan
54.7%
Ashgabat,
Turkmenistan
54.1%
Dushanbe, Tajikistan
51.5%
Bandar Seri Begawan, Brunei
49.1%
Naypyidaw, Myanmar
45.4%

You're not logged in!

Compare scores with friends on all Sporcle quizzes.
OR
Log In

Show Comments

Extras

Top Quizzes Today


Score Distribution

Your Account Isn't Verified!

In order to create a playlist on Sporcle, you need to verify the email address you used during registration. Go to your Sporcle Settings to finish the process.

Report this User

Report this user for behavior that violates our Community Guidelines.

Details: